[Event "150 Years SG Braunschweig"]
[Site "Brunswick"]
[Date "2019.10.23"]
[Round "5.5"]
[White "Reuker, Jari"]
[Black "Meshkovs, Nikita"]
[Result "1/2-1/2"]
[WhiteElo "2394"]
[BlackElo "2548"]
[Annotator "TA"]
[PlyCount "119"]
[EventDate "2019.10.21"]
[EventType "tourn"]
[EventCountry "GER"]
[SourceTitle "playchess.com"]
[Source "ChessBase"]
[SourceQuality "1"]

{[%evp 22,119,25,26,56,41,41,46,49,22,35,45,49,0,20,18,18,12,13,18,37,6,7,0,14,0,14,0,0,-6,0,0,0,-16,0,-41,0,0,0,0,0,-14,-2,-55,-47,-87,-55,-132,-126,-128,0,0,0,0,0,0,0,0,0,0,0,0,0,0,0,0,0,0,0,0,0,0,0,0,0,0,0,0,0,0,0,0,0,0,0,0,0,0,0,0,0,0,0,0,0,0,0,0,0,0]} 1. c4 e6 2. Nc3 d5 3. d4 Nf6 4. cxd5 exd5 5. Bg5 Be7 6. e3 Nbd7 7. Bd3 O-O 8. Qc2 Re8 9. Nge2 Nf8 10. O-O Ng6 11. Rad1 c6 12. f3 Nh5 {D36: Queen's Gambit Declined: Exchange Variation: Main line (5 Bg5 c6 6 Qc2)} (12... Be6 13. Ng3 Rc8 14. a3 Qc7 15. Rfe1 Rcd8 16. b4 Bc8 17. Na4 Nf8 18. Bf5 g6 19. Bf4 Bd6 20. Bxd6 Qxd6 21. Bxc8 Rxc8 {½-½ (47) Lafarga Santorroman,D (2636)-Cruzado Duenas,C (2584) ICCF email 2010}) 13. Bxe7 Qxe7 14. e4 Qg5 {White is slightly better.} 15. Kh1 Nhf4 16. Nxf4 Nxf4 17. e5 $146 ({Predecessor:} 17. Qd2 h6 18. Bc2 Bd7 19. g3 Nh5 20. f4 {½-½ (29) Sismanis,A (2194)-Trajkovic,P (2481) Nikaia 2009}) 17... Nxd3 18. Qxd3 Bf5 19. Qd2 Qxd2 20. Rxd2 f6 21. f4 h5 22. Kg1 b6 23. Kf2 Kf7 24. Ke3 Ke6 25. Rc1 Rac8 26. b4 g5 27. Ne2 h4 28. Kf2 fxe5 29. fxe5 Rf8 30. Ke3 Be4 31. Ng1 Rf5 32. h3 {[#]} (32. Nh3 $11) 32... c5 $1 $15 {[%mdl 512]} 33. bxc5 bxc5 34. Rxc5 (34. dxc5 $15 Kxe5 35. Nf3+ Bxf3 36. gxf3) 34... Rxc5 $17 35. dxc5 Kxe5 (35... Rxe5 $17 36. Nf3 Bxf3+ 37. Kxf3 Kd7) 36. Nf3+ $11 {The position is equal.} Bxf3 37. gxf3 {[%mdl 4096] Endgame KR-KR} Rf6 {next ...Ra6 is good for Black.} 38. Rg2 d4+ 39. Ke2 Rf5 40. Rg4 Kd5 41. c6 $1 {[%cal Rc6c7]} Kxc6 {Strongly threatening ...Kd5.} 42. Rxd4 Rb5 43. Ke3 Rb2 44. Ra4 Kb6 45. f4 gxf4+ 46. Kxf4 a5 47. Kg5 Kb5 48. Rxh4 Rxa2 49. Rh8 Rg2+ 50. Kf5 a4 51. h4 a3 52. h5 a2 53. Ra8 Rh2 54. Kg6 Kb4 55. h6 Kb3 56. h7 Kb2 57. Kg7 a1=Q 58. Rxa1 Kxa1 59. h8=Q Rxh8 60. Kxh8 {Accuracy: White = 56%, Black = 51%.} 1/2-1/2

[Event "150 Years SG Braunschweig"]
[Site "Brunswick"]
[Date "2019.10.24"]
[Round "6.1"]
[White "Gajek, Radoslaw"]
[Black "Meshkovs, Nikita"]
[Result "1/2-1/2"]
[WhiteElo "2411"]
[BlackElo "2548"]
[Annotator "TA"]
[PlyCount "56"]
[EventDate "2019.10.21"]
[EventType "tourn"]
[EventCountry "GER"]
[SourceTitle "playchess.com"]
[Source "ChessBase"]
[SourceQuality "1"]

{[%evp 10,56,35,20,3,-2,15,-44,-56,-53,21,12,18,14,7,20,1,6,10,0,0,0,0,-18,32,30,31,29,52,35,30,27,22,0,0,0,0,0,0,0,0,0,0,0,0,0,0,0,0]} 1. c4 e5 2. Nc3 Nc6 3. Nf3 g6 4. e3 Bg7 5. d4 d6 6. dxe5 Nxe5 {A25: English Opening vs King's Indian with ...Nc6 but without early d3} (6... dxe5 7. Qxd8+ Nxd8 8. Bd2 Ne6 9. h4 h6 10. O-O-O Ne7 11. Be1 Bd7 12. h5 g5 13. Be2 O-O-O 14. Nd2 {½-½ (36) Nogueiras Santiago,J (2458)-Otero Acosta,D (2410) Santa Clara 2019}) 7. Nd4 Ne7 8. b3 $146 (8. Be2 $11) ({Predecessor:} 8. Be2 O-O 9. O-O f5 10. f4 N5c6 11. Bf3 Rb8 12. Rb1 Bd7 13. b3 {1-0 (51) Krantz,K-Mattsson,B Sweden 1975}) 8... O-O $15 {Black is slightly better.} 9. Bb2 c6 ({Black should try} 9... d5 $1 $15 10. cxd5 Nxd5) 10. Be2 $11 d5 11. cxd5 Nxd5 12. Nxd5 Qxd5 13. O-O Rd8 14. Qc2 c5 15. e4 Qd6 16. Nb5 Qe7 (16... Qd2 $5 {[%cal Rd2c2]} 17. Rac1 Qxc2 18. Rxc2 b6 $11) 17. Rad1 Rxd1 18. Rxd1 Be6 19. f4 Nc6 20. Bxg7 Kxg7 21. f5 {The position is equal.} gxf5 22. exf5 Bxf5 23. Qxf5 Qxe2 {[%mdl 64] [#] Double Attack} 24. Qg5+ Kh8 25. Qf6+ Kg8 26. Qg5+ Kh8 27. Qf6+ Kg8 28. Qg5+ Kh8 {Accuracy: White = 56%, Black = 59%.} 1/2-1/2

[Event "150 Years SG Braunschweig"]
[Site "Brunswick"]
[Date "2019.10.24"]
[Round "6.2"]
[White "Lubbe, Melanie"]
[Black "Reuker, Jari"]
[Result "0-1"]
[WhiteElo "2242"]
[BlackElo "2394"]
[Annotator "TA"]
[PlyCount "140"]
[EventDate "2019.10.21"]
[EventType "tourn"]
[EventCountry "GER"]
[SourceTitle "playchess.com"]
[Source "ChessBase"]
[SourceQuality "1"]

{[%evp 14,156,24,4,12,8,0,0,0,0,0,0,15,12,27,0,27,4,18,18,13,0,0,0,0,-17,-16,-24,15,-24,-16,-16,-16,-16,0,-16,-16,-16,-17,-54,-27,-33,0,-23,0,0,11,0,30,30,17,18,67,0,0,0,0,0,0,0,18,9,8,8,23,0,4,3,18,0,0,0,0,0,92,92,118,104,104,0,34,0,0,0,0,0,0,0,0,0,0,-2,0,0,-3,-3,-6,-29,-7,0,0,-46,-47,-94,-95,-145,-145,-145,-44,-145,-145,-145,-145,-250,-235,-708,-708,-708,-708,-700,-700,-686,-650,-606,-658,-498,-211,-2939,-2750,-1886,-1992,-29961,-29959,-29964,-29966,-29974,-29967,-29974,-29975,-29980,-29981,-29981,-29981,-29981,-29981]} 1. e4 e5 2. Nf3 Nc6 3. Bc4 Bc5 4. c3 $146 ({Predecessor:} 4. O-O Nf6 5. d3 O-O 6. a4 h6 7. h3 d6 8. c3 a5 {0-1 (58) Praggnanandhaa,R (2529)-So,W (2780) Leon 2018}) 4... Nf6 5. d3 O-O 6. O-O d6 7. Re1 h6 8. h3 a5 {C54: Giuoco Piano: 4 c3 Nf6, main lines with 5 d4 and 5 d3} 9. a4 Be6 10. Bxe6 (10. Na3 {is more complex.} Qd7 11. Bxe6 fxe6 12. Nc4 Qe8 13. Be3) 10... fxe6 {The position is equal.} 11. Be3 Bxe3 12. Rxe3 Qe8 13. Nbd2 Nh5 14. g3 Kh8 15. d4 Qf7 16. Qe2 {With the idea dxe5.} exd4 17. Nxd4 e5 18. Nxc6 bxc6 19. Rf3 Nf6 20. Kg2 Rfe8 21. Re3 (21. b4 {looks sharper.} Qe6 22. b5 cxb5 23. axb5 Ra7 24. c4) 21... Nd7 22. Qc4 Qxc4 23. Nxc4 Nc5 24. Re2 Kg8 25. f3 Kf7 26. Kf2 Kf6 27. h4 Reb8 28. Kg2 Ke6 29. f4 Nd7 (29... Rf8 {keeps more tension.} 30. fxe5 dxe5 31. h5 Nd7 32. Rh1 Nb6) 30. Kf3 Nb6 (30... g6 {seems wilder.} 31. Rf1 Rf8 32. Ke3 h5 33. Ref2 Nf6) 31. Nxb6 Rxb6 $11 {[%mdl 4096] Endgame KRR-KRR} 32. Rd1 h5 33. Ke3 (33. f5+ $14 Kf7 34. Rdd2) 33... Rab8 34. Rdd2 Rb3 35. Kf2 Rf8 36. Kf3 Kf6 37. Rf2 g6 38. g4 exf4 39. Kxf4 Rbb8 40. Ke3+ Ke6 41. Rxf8 Rxf8 42. gxh5 gxh5 {KR-KR} 43. Rg2 Rf1 (43... c5 $11) 44. Rg6+ $16 Kd7 45. Rg7+ Ke6 46. Rg6+ (46. Rxc7 $16 Rb1 47. Rh7 (47. Rxc6 Rxb2 48. c4 Ke5 $14)) 46... Kd7 $14 47. Rg5 Re1+ 48. Kd3 Rd1+ 49. Ke2 Rb1 50. Rxh5 Rxb2+ 51. Kd3 c5 52. Kc4 Kc6 53. Rh8 Ra2 54. Kb3 Re2 55. Re8 Rh2 56. Rh8 Re2 57. Re8 Kd7 58. Ra8 Rxe4 59. Rxa5 Rxh4 60. Ra8 Kc6 (60... Rh1 $1 $17 61. Rg8 Kc6) 61. Rg8 {[#]} (61. Rb8 $15) 61... Rh1 $1 $17 62. Rg6 Rb1+ 63. Kc2 (63. Kc4 $17) 63... Rb7 $19 64. Rh6 $2 (64. Rg4) 64... c4 65. Rh1 Kc5 66. Ra1 d5 67. Kd2 c6 68. a5 Kb5 69. Ke3 {intending Kd4.} Re7+ (69... c5 $142 70. a6 Ra7) 70. Kf4 $2 (70. Kd2) 70... Ka6 {Played: Re7-a7} 0-1

[Event "150 Years SG Braunschweig"]
[Site "Brunswick"]
[Date "2019.10.24"]
[Round "6.3"]
[White "Krasenkow, Michal"]
[Black "Olsen, Filip Boe"]
[Result "1-0"]
[WhiteElo "2622"]
[BlackElo "2380"]
[Annotator "TA"]
[PlyCount "61"]
[EventDate "2019.10.21"]
[EventType "tourn"]
[EventCountry "GER"]
[SourceTitle "playchess.com"]
[Source "ChessBase"]
[SourceQuality "1"]

{[%evp 9,61,9,20,-9,0,0,22,-5,-2,-22,-22,-12,0,-6,57,8,82,54,86,66,206,99,97,104,215,99,129,86,69,41,119,133,373,267,498,498,473,497,671,680,680,683,683,681,681,678,662,663,932,809,912,807,807,800]} 1. Nf3 d5 2. d4 Nf6 3. c4 e6 4. Nc3 c6 5. Qd3 Be7 (5... dxc4 6. Qxc4 b5 7. Qd3 a6 8. e4 c5 9. dxc5 Bxc5 10. e5 Ng4 11. Qe4 Nxf2 12. Qxa8 Qb6 13. Ne4 Nxh1 14. Bd3 O-O 15. Nxc5 Qxc5 {½-½ (47) Can,E (2595)-Saric,I (2681) Konya 2019}) 6. e4 {D43: Semi-Slav: 5 Bg5 h6} dxe4 7. Nxe4 Nbd7 8. Bd2 {The position is equal.} O-O $146 ({Predecessor:} 8... c5 9. Nxc5 Nxc5 10. dxc5 Qxd3 11. Bxd3 Bxc5 12. b4 Bd6 13. Bc3 {0-1 (99) Adamson,G (2115)-Gulevich,A (2264) Moscow 2009}) 9. O-O-O b5 10. c5 Qc7 11. Nxf6+ Bxf6 (11... Nxf6 $11 12. Kb1 Rd8) 12. Ng5 {[%csl Gg5][%cal Rd3h7]} g6 (12... Bxg5 $1 $11 {keeps the balance.} 13. Bxg5 Nf6) 13. Qh3 {[%csl Gg5][%cal Rh3h7]} h5 {[#]} 14. g4 $1 {[%cal Rg4h5]} e5 {[#]} ({Black should try} 14... Bxd4 $14 15. gxh5 Nxc5) 15. gxh5 $40 {[%mdl 128] White wants a kill.} (15. Qg3 $1 $18 {is the precise move to win.}) 15... Nxc5 $16 16. Qg3 Ne6 (16... Bxg5 $16 17. Qxg5 Ne4 {[%mdl 64] Double Attack}) 17. Ne4 (17. hxg6 $18 {has better winning chances.} Bxg5 18. Bxg5) 17... Bg7 18. hxg6 Nxd4 {Black wants to play ...Bf5.} 19. Rg1 fxg6 (19... Bf5 $14 20. gxf7+ Rxf7) 20. Qxg6 Nf3 $2 (20... Bf5 $16 21. Nf6+ Rxf6 22. Qxf6 Qf7 23. Qxf7+ Kxf7) 21. Rg3 {Bh6! is the strong threat.} Qf7 $2 {[#]} (21... Bf5 22. Nf6+ Rxf6 23. Qxf6 Rf8) 22. Bh6 $1 $18 {[%mdl 512] Intending Nf6+! and mate.White is clearly winning.} Qxg6 23. Rxg6 Rf7 {[#] intending ...Bf5.} 24. Nf6+ $1 {[%mdl 576] Pin} Kf8 {Strongly threatening ...Bxh6+.} (24... Rxf6 25. Rxg7+) 25. Rd8+ Ke7 26. Re8+ ({Worse is} 26. Rxg7 Rxg7 27. Rxc8 Rg1 $15) 26... Kd6 27. Bxg7 Bf5 28. Ne4+ {[%mdl 64] Discovered Attack (Double check)} Kd5 29. Rd6+ Kxe4 30. Bd3+ Kf4 31. Bh6+ {Accuracy: White = 50%, Black = 26%.} ({Not} 31. Rxa8 Rxg7 32. Bxf5 Kxf5 $18) 1-0

[Event "150 Years SG Braunschweig"]
[Site "Brunswick"]
[Date "2019.10.24"]
[Round "6.4"]
[White "Lubbe, Nikolas"]
[Black "Buckels, Valentin"]
[Result "0-1"]
[WhiteElo "2431"]
[BlackElo "2442"]
[Annotator "TA RC"]
[PlyCount "48"]
[EventDate "2019.10.21"]
[EventType "tourn"]
[EventCountry "GER"]
[SourceTitle "playchess.com"]
[Source "ChessBase"]
[SourceQuality "1"]

{[%evp 17,138,28,53,53,53,51,48,29,48,41,35,20,37,22,33,37,48,30,27,23,33,0,0,-5,-7,-141,-150,-170,-166,-146,-97,-97,-36,-43,-47,-42,-50,-61,-39,-47,-13,-14,-15,-50,-56,-90,-56,-56,-20,-45,-36,-47,-20,-46,-34,-37,-36,-16,0,0,0,-16,-37,-104,-100,-126,-104,-406,-404,-378,-373,-337,-318,-1137,-1110,-1022,-1018,-6083,-5503,-5513,-2599,-7039,-7320,-3942,-3912,-29956,-12788,-29972,-29973,-29972,-29973,-29973,-29974,-29975,-29953,-29963,-29965,-29978,-29979,-29979,-29980,-29983,-29984,-29985,-29982,-29983,-29983,-29983,-29984,-29984,-29985,-29985,-29985,-29985,-29986,-29986,-29985,-29985,-29983,-29983,-29984,-29988,-29989]} 1. c4 e6 2. Nf3 d5 3. g3 dxc4 4. Bg2 c5 5. Na3 Nc6 6. Nxc4 Nf6 7. O-O Be7 8. b3 O-O 9. Bb2 Nd5 10. d4 {A13: English Opening: 1...e6} b5 11. Nce5 Nxe5 12. Nxe5 {White is slightly better.} Bb7 $1 13. dxc5 Bxc5 14. e4 (14. Rc1 Rc8 15. Bxd5 Bxd5 16. e4 Bxe4 17. Nd7 Qg5 18. Nxf8 Rxf8 {1-0 (39) Bai,J (2599)-Laxman,R (2426) Abu Dhabi 2019}) 14... Nf6 15. Qe2 Qb6 16. a4 $146 ({Predecessor:} 16. Ng4 Nxg4 17. Qxg4 f6 {½-½ (40) Szirmai,E (2260)-Karabalis,H Budapest 1991}) 16... a6 17. a5 Qa7 18. Rad1 Rfd8 19. Nd3 {Black should prevent Bxf6.} Bd4 20. Ba3 Rac8 21. g4 (21. Bb4 $11 {remains equal.}) 21... Qa8 $1 $17 {[%cal Rf6e4]} 22. Rfe1 Bc3 23. Be7 Bxe1 24. Bxd8 {[#]} Rxd8 {Played: Be1xf2} 0-1

[Event "150 Years SG Braunschweig"]
[Site "Brunswick"]
[Date "2019.10.24"]
[Round "6.5"]
[White "Ovsejevitsch, Sergei"]
[Black "Pajeken, Jakob Leon"]
[Result "1-0"]
[WhiteElo "2617"]
[BlackElo "2323"]
[Annotator "TA"]
[PlyCount "63"]
[EventDate "2019.10.21"]
[EventType "tourn"]
[EventCountry "GER"]
[SourceTitle "playchess.com"]
[Source "ChessBase"]
[SourceQuality "1"]

{[%evp 12,63,33,7,16,18,14,6,0,0,44,31,40,31,43,39,37,37,38,18,68,52,62,57,97,43,39,43,38,37,271,252,252,213,304,302,379,391,394,391,328,293,549,499,533,533,925,895,880,723,29972,29973,5502,5497]} 1. Nf3 d5 2. d4 Nf6 3. c4 dxc4 4. e3 e6 5. Bxc4 a6 6. O-O c5 7. Bd3 b6 {D27: Queen's Gambit Accepted: Classical main line: 7 e4!? and 7 a4} 8. dxc5 Bxc5 9. e4 Bb7 {The position is equal.} 10. e5 $146 ({Predecessor:} 10. Nc3 Nbd7 11. Bf4 Nh5 12. Bg5 Be7 13. Be3 Nc5 14. Bc2 Qxd1 15. Rfxd1 {½-½ (75) Harikrishna,P (2673)-Vorobiov,E (2563) Moscow 2007}) 10... Nfd7 11. Nc3 Nc6 12. Bf4 $36 {[%mdl 2048] White has some pressure.} Nb4 13. Bb1 Nd5 14. Nxd5 Bxd5 15. Qe2 b5 16. Rd1 Qb6 17. Ng5 Nf8 18. Ne4 (18. h4 $16) 18... Ng6 $14 19. Bg3 Rd8 20. h4 {Strongly threatening h5.} Bc4 $2 (20... O-O $14) 21. Rxd8+ $1 $18 Qxd8 {[#]} 22. Qf3 $1 Be7 {[#]} (22... Bd5 {keeps fighting.}) 23. h5 $1 Nf8 {[#]} ({But not} 23... Nh4 $2 24. Bxh4 Bd5 25. Bxe7 $18) 24. Bh4 $1 {[%mdl 512]} Bd5 (24... Bxh4 25. Nd6+) 25. Bxe7 Qxe7 {[#]} 26. h6 $1 {[%mdl 512]} Bxe4 $2 (26... Rg8 27. hxg7 Nd7) (26... gxh6 27. Nf6+) 27. Bxe4 ({Less strong is} 27. Qxe4 gxh6 28. a4 bxa4 $16) 27... f5 28. exf6 {[%mdl 64] Promotion} gxf6 29. Qg3 {Hoping for Bc6+.} Ng6 30. Rc1 Qd8 31. Bxg6+ hxg6 32. Qxg6+ {Accuracy: White = 83%, Black = 39%.} 1-0

[Event "150 Years SG Braunschweig"]
[Site "Brunswick"]
[Date "2019.10.24"]
[Round "7.1"]
[White "Pajeken, Jakob Leon"]
[Black "Gajek, Radoslaw"]
[Result "0-1"]
[WhiteElo "2323"]
[BlackElo "2411"]
[Annotator "TA"]
[PlyCount "48"]
[EventDate "2019.10.21"]
[EventType "tourn"]
[EventCountry "GER"]
[SourceTitle "playchess.com"]
[Source "ChessBase"]
[SourceQuality "1"]

{[%evp 23,112,-34,-45,-39,-34,-31,-35,-52,-28,-25,-30,-107,-84,-90,-101,-89,-85,-84,-97,-95,-93,-83,-30,-32,-36,-304,0,-205,-199,-200,-92,-466,-435,-753,-739,-860,-787,-730,-242,-238,-249,-387,-400,-556,-340,-556,-540,-562,-560,-532,-432,-429,-159,-159,-159,-159,-159,-159,-159,-159,-159,-133,-126,-118,-118,-163,-101,-108,-118,-223,0,-118,-104,-104,-104,-215,-215,-29974,-29975,-29975,-29976,-29979,-29980,-29980,-29981,-29981,-29981,-29983,-29984,-29984,-29985]} 1. d4 e6 2. Nf3 d5 3. c4 Nf6 4. e3 a6 5. Nc3 dxc4 6. Bxc4 b5 7. Bb3 Bb7 8. O-O Nbd7 9. Qe2 c5 10. Rd1 Qc7 11. d5 c4 12. dxe6 fxe6 13. Bc2 {D29: Queen's Gambit Accepted: Classical main line: 7 Qe2 with early ...Nbd7} Bd6 14. h3 O-O 15. a3 {[#] Black is slightly better.} Nc5 $146 ({Predecessor:} 15... Qc6 16. e4 e5 17. Nd5 Nc5 18. Bg5 Nxd5 19. exd5 Qc7 20. Be3 e4 {0-1 (38) Nedilko,V (2390)-Halkias,S (2571) Warsaw 2006}) 16. e4 Bf4 17. g3 {[#]} (17. Bxf4 $11 Qxf4 18. Rd4) 17... Bxg3 $1 {[%mdl 512]} 18. fxg3 Qxg3+ 19. Qg2 Qxg2+ 20. Kxg2 Nfxe4 21. Nxe4 Nxe4 22. Rd7 Bc6 (22... Bd5 $1 $17 23. Bd1 Nc5) 23. Rc7 $11 Bd5 {And now ...Nd2! would win.} 24. Be3 $2 {[%mdl 8192] [#]} ({Only move:} 24. Bd1 $1 $15) 24... Nd2 {Played: Ne4-g3} 0-1

[Event "150 Years SG Braunschweig"]
[Site "Brunswick"]
[Date "2019.10.24"]
[Round "7.2"]
[White "Buckels, Valentin"]
[Black "Ovsejevitsch, Sergei"]
[Result "1-0"]
[WhiteElo "2442"]
[BlackElo "2617"]
[Annotator "TA"]
[PlyCount "81"]
[EventDate "2019.10.21"]
[EventType "tourn"]
[EventCountry "GER"]
[SourceTitle "playchess.com"]
[Source "ChessBase"]
[SourceQuality "1"]

{[%evp 9,81,7,25,12,33,21,43,39,50,39,46,37,53,53,64,68,48,47,41,28,47,32,49,27,31,25,66,52,52,30,33,31,35,31,31,15,25,1,14,0,0,0,0,0,0,-8,0,0,0,0,0,0,0,0,0,0,21,18,26,32,41,44,15,10,459,469,542,523,694,664,633,612,575,562]} 1. d4 Nf6 ({Predecessor:} 1... d5 2. Nf3 Nf6 3. c4 e6 {½-½ (23) Hughes,A (1910)-Stone,A (2157) London 2018}) 2. c4 e6 3. g3 d5 4. Nf3 Bb4+ 5. Bd2 Bd6 $146 (5... Be7 6. Bg2 O-O 7. O-O Nbd7 8. a4 a5 9. Qc2 c6 10. Na3 Ne4 11. Bf4 g5 12. Be3 f5 13. Rad1 Qe8 14. Qc1 h6 15. Ne5 Kh7 {½-½ (104) Nakamura,H (2743)-Karjakin,S (2750) Saint Louis 2019}) 6. Nc3 {E01: Catalan: Early deviations} c6 7. Qc2 Nbd7 8. e4 {White is slightly better.} dxe4 9. Nxe4 Nxe4 10. Qxe4 Nf6 11. Qe2 b6 12. Bg2 Bb7 13. O-O O-O 14. Rad1 Qc7 15. Bc3 Rad8 16. Ne5 c5 17. dxc5 bxc5 18. Ng4 (18. Rfe1 {keeps more tension.} Bxg2 19. Kxg2 Be7 20. b3 Rd6 21. Rxd6 Bxd6 22. Rd1) 18... Be7 19. Nxf6+ Bxf6 20. Bxf6 gxf6 21. Bxb7 Qxb7 22. Rd2 e5 23. Rfd1 (23. f4 {with more complications.} Rxd2 24. Qxd2 e4 25. b3 Re8 26. Re1) 23... Rd4 24. Rxd4 cxd4 $11 {[%mdl 4096] Endgame KQR-KQR} 25. c5 a5 26. f4 Qd5 27. Qg4+ Kh8 28. Qf5 Qe6 29. Qxe6 fxe6 30. fxe5 fxe5 {KR-KR} 31. Re1 Kg7 32. Kg2 Rc8 33. Rxe5 Kf6 34. Rh5 {aiming for Kf3.} e5 35. c6 Ke6 36. Rxh7 {[#] And now Kf3 would win.} Kd5 $2 {[%mdl 8192]} (36... Rf8 $1 $11 {and Black has nothing to worry.}) 37. c7 $18 {White is clearly winning.} Ke4 {Hoping for ...Ke3.} 38. Kf2 Kd3 39. Rd7 e4 40. h4 e3+ {[#]} 41. Ke1 $1 {Accuracy: White = 75%, Black = 35%.} 1-0

[Event "150 Years SG Braunschweig"]
[Site "Brunswick"]
[Date "2019.10.24"]
[Round "7.3"]
[White "Olsen, Filip Boe"]
[Black "Lubbe, Nikolas"]
[Result "0-1"]
[WhiteElo "2380"]
[BlackElo "2431"]
[Annotator "RC"]
[PlyCount "120"]
[EventDate "2019.10.21"]
[EventType "tourn"]
[EventCountry "GER"]
[SourceTitle "playchess.com"]
[Source "ChessBase"]
[SourceQuality "1"]
[TimeControl "40/5400+30:900+30"]

1. d4 {[%emt 0:00:00]} d5 {[%emt 0:00:00]} 2. c4 {[%emt 0:00:00]} e6 {[%emt 0:00:00]} 3. Nf3 {[%emt 0:00:00]} Nf6 {[%emt 0:00:00]} 4. g3 {[%emt 0:00:00]} dxc4 {[%emt 0:00:00]} 5. Bg2 {[%emt 0:00:12]} Bb4+ {[%emt 0:00:04]} 6. Bd2 {[%emt 0:00:08]} a5 {[%emt 0:00:06]} 7. Qc2 {[%emt 0:00:25]} Bxd2+ {[%emt 0:00:12]} 8. Qxd2 {[%emt 0:00:10]} c6 {[%emt 0:01:35]} 9. a4 {[%emt 0:00:10]} Ne4 {[%emt 0:00:14]} 10. Qf4 {[%emt 0:00:24]} Qb6 {[%emt 0:00:43]} 11. O-O {[%emt 0:00:34]} Qxb2 {[%emt 0:00:40]} 12. Na3 {[%emt 0:00:22]} Nc3 {[%emt 0:00:25]} 13. Qe3 {[%emt 0:00:12]} Nxe2+ {[%emt 0:02:05]} 14. Kh1 {[%emt 0:00:08]} Nc3 {[%emt 0:00:05]} 15. Ne5 {[%emt 0:01:07]} O-O {[%emt 0:06:07]} 16. Rfc1 {[%emt 0:00:36]} Nd5 {[%emt 0:00:23]} 17. Bxd5 {[%emt 0:00:08]} exd5 {[%emt 0:01:11]} 18. Rcb1 {[%emt 0:00:11]} Qb4 {[%emt 0:00:11]} 19. Rxb4 {[%emt 0:00:11]} axb4 {[%emt 0:00:02]} 20. Naxc4 {[%emt 0:00:17]} dxc4 {[%emt 0:00:07]} 21. Nxc4 {[%emt 0:00:12]} Be6 {[%emt 0:01:26]} 22. Nd6 {[%emt 0:00:39]} Nd7 {[%emt 0:07:16]} 23. a5 {[%emt 0:03:31]} b3 {[%emt 0:15:52]} 24. Qc3 {[%emt 0:05:14]} Rfb8 {[%emt 0:18:46]} 25. f3 {[%emt 0:11:22]} Ra6 {[%emt 0:01:26]} 26. Re1 {[%emt 0:08:36]} c5 {[%emt 0:17:38]} 27. dxc5 {[%emt 0:04:30]} Rc6 {[%emt 0:02:44]} 28. Ne4 {[%emt 0:01:52]} Rbc8 {[%emt 0:03:16]} 29. Qb4 {[%emt 0:16:28]} Nxc5 {[%emt 0:01:12]} 30. Nxc5 {[%emt 0:01:07]} Rxc5 {[%emt 0:00:01]} 31. Rxe6 {[%emt 0:00:53]} fxe6 {[%emt 0:02:22]} 32. Qxb3 {[%emt 0:00:14]} Rc2 {[%emt 0:03:14]} 33. Qxb7 {[%emt 0:01:36]} Rd8 {[%emt 0:00:34]} 34. Qb1 {[%emt 0:02:43]} Rdd2 {[%emt 0:00:26]} 35. Qf1 {[%emt 0:01:46]} Ra2 {[%emt 0:03:48]} 36. a6 {[%emt 0:00:30]} Rxh2+ {[%emt 0:01:33]} 37. Kg1 {[%emt 0:00:07]} Rhb2 {[%emt 0:00:45]} 38. a7 {[%emt 0:04:04]} Rxa7 {[%emt 0:00:25]} 39. Qc1 {[%emt 0:00:22]} Rab7 {[%emt 0:02:35]} 40. Qc4 {[%emt 0:00:52]} Kf7 {[%emt 0:01:29]} 41. Qf4+ {[%emt 0:15:50]} Ke8 {[%emt 0:15:51]} 42. Qc4 {[%emt 0:01:51]} R2b6 {[%emt 0:05:08]} 43. Kg2 {[%emt 0:00:44]} h6 {[%emt 0:00:20]} 44. Qf4 {[%emt 0:02:11]} Rb5 {[%emt 0:02:08]} 45. Qe4 {[%emt 0:03:22]} Kf7 {[%emt 0:00:03]} 46. Qc6 {[%emt 0:02:25]} R5b6 {[%emt 0:00:54]} 47. Qe4 {[%emt 0:00:17]} Rb4 {[%emt 0:01:10]} 48. Qc6 {[%emt 0:00:36]} h5 {[%emt 0:00:00]} 49. Qc5 {[%emt 0:00:00]} R4b5 {[%emt 0:00:00]} 50. Qc4 {[%emt 0:00:00]} Rb1 {[%emt 0:00:00]} 51. Qf4+ {[%emt 0:00:00]} Kg8 {[%emt 0:00:00]} 52. g4 {[%emt 0:00:00]} hxg4 {[%emt 0:00:00]} 53. fxg4 {[%emt 0:00:00]} R7b2+ {[%emt 0:00:00]} 54. Kh3 {[%emt 0:00:00]} Rb3+ {[%emt 0:00:00]} 55. Kg2 {[%emt 0:00:00]} R1b2+ {[%emt 0:00:00]} 56. Kg1 {[%emt 0:00:00]} Rc2 {[%emt 0:00:00]} 57. Qf1 {[%emt 0:00:00]} Rbb2 {[%emt 0:00:00]} 58. Kh1 {[%emt 0:00:00]} g6 {[%emt 0:00:00]} 59. Qg1 {[%emt 0:00:00]} e5 {[%emt 0:00:00]} 60. g5 {[%emt 0:00:00]} Rh2+ {[%emt 0:08:28]} 0-1